[Event "Titled Tuesday intern op 20th May Late"]
[Site "Chess.com INT"]
[Date "2025.05.20"]
[Round "3"]
[White "Demaria, Juan Pablo"]
[Black "Kjaergaard Jensen, Jesper"]
[Result "1-0"]
[WhiteElo "2215"]
[BlackElo "2081"]
[PlyCount "55"]
[EventDate "2025.05.20"]
[EventType "swiss (blitz)"]
[EventRounds "11"]
[EventCountry "USA"]
[SourceTitle "CB22_2025"]
[SourceDate "2025.05.28"]
[SourceVersion "1"]
[SourceVersionDate "2025.05.28"]
[SourceQuality "1"]

1. e4 Nf6 2. d3 d5 3. e5 Ng4 4. f4 h5 5. Nf3 Nh6 6. Be2 c6 7. 0-0 Qb6+ 8. Kh1 Ng4 9. d4 Bf5 10. c4 e6 11. Nc3 dxc4 12. Bxc4 Bb4 13. h3 Bxc3 14. bxc3 Nd7 15. Kg1 0-0-0 16. a4 a5 17. Bd2 Nh6 18. Qe2 Nb8 19. Be3 Qc7 20. Ra3 Be4 21. Ng5 Bd5 22. Rb1 Bxc4 23. Qxc4 Qe7 24. Rab3 Rd7 25. Ne4 Nf5 26. Bf2 h4 27. Nc5 Rc7 28. Rxb7 1-0

[Event "Titled Tuesday intern op 18th Mar Late"]
[Site "Chess.com INT"]
[Date "2025.03.18"]
[Round "8"]
[White "Zlatkov, Anton"]
[Black "Demaria, Juan Pablo"]
[Result "1-0"]
[WhiteElo "2321"]
[BlackElo "2215"]
[PlyCount "53"]
[EventDate "2025.03.18"]
[EventType "swiss (blitz)"]
[EventRounds "11"]
[EventCountry "USA"]
[SourceTitle "CB13_2025"]
[SourceDate "2025.03.26"]
[SourceVersion "1"]
[SourceVersionDate "2025.03.26"]
[SourceQuality "1"]

1. d4 d5 2. Nf3 e6 3. g3 c5 4. dxc5 Bxc5 5. Bg2 Nf6 6. 0-0 0-0 7. c4 dxc4 8. Qc2 Nc6 9. Qxc4 Qe7 10. Nc3 Bd7 11. Bg5 Bb6 12. Ne4 Rfd8 13. Nxf6+ gxf6 14. Bh6 f5 15. Rfd1 Rac8 16. Qf4 f6 17. Rac1 Qf7 18. Qd6 Qg6 19. Bf4 e5 20. Nh4 Qg7 21. Be3 Bxe3 22. fxe3 Kh8 23. Bxc6 Rxc6 24. Rxc6 bxc6 25. Nxf5 Qg5 26. Qe7 Bxf5 27. Rxd8+ 1-0

[Event "Titled Tuesday intern op 24th Sep Late"]
[Site "Chess.com INT"]
[Date "2024.09.24"]
[Round "1"]
[White "Alexakis, Dimitris"]
[Black "Demaria, Juan Pablo"]
[Result "1-0"]
[WhiteElo "2488"]
[BlackElo "2215"]
[PlyCount "89"]
[EventDate "2024.09.24"]
[EventType "swiss (blitz)"]
[EventRounds "11"]
[EventCountry "USA"]
[SourceTitle "EXT 2025"]
[Source "ChessBase"]
[SourceDate "2024.10.14"]
[SourceVersion "1"]
[SourceVersionDate "2024.10.14"]
[SourceQuality "1"]

1. Nf3 g6 2. g3 Bg7 3. Bg2 c5 4. 0-0 Nf6 5. e3 0-0 6. d4 cxd4 7. exd4 d5 8. Re1 Nc6 9. Bf4 Bf5 10. c3 Rc8 11. Nbd2 Ne4 12. Nb3 b6 13. Re2 h6 14. Ne1 Qd7 15. Nd3 Rfe8 16. a4 Ng5 17. Bxg5 hxg5 18. Qd2 g4 19. a5 e6 20. a6 Qd6 21. Qf4 Red8 22. Qxd6 Rxd6 23. Rd2 Nb8 24. Nb4 Nd7 25. Re1 Nf6 26. Rde2 Ne4 27. Nd2 Ng5 28. f4 gxf3 29. Nxf3 Nxf3+ 30. Bxf3 g5 31. Rf2 Bg6 32. Be2 Rdd8 33. Bd3 Bxd3 34. Nxd3 Bf8 35. Ne5 Rc7 36. h4 gxh4 37. gxh4 Bd6 38. Ng4 f5 39. Ne5 Rg7+ 40. Rg2 Rxg2+ 41. Kxg2 Kg7 42. Nf3 Kf6 43. Ng5 Rg8 44. Rxe6+ Kg7 45. Rxd6 1-0

[Event "Titled Tuesday intern op 24th Sep Late"]
[Site "Chess.com INT"]
[Date "2024.09.24"]
[Round "4"]
[White "Demaria, Juan Pablo"]
[Black "Sabure, Bojosi"]
[Result "1-0"]
[WhiteElo "2215"]
[BlackElo "1981"]
[PlyCount "35"]
[EventDate "2024.09.24"]
[EventType "swiss (blitz)"]
[EventRounds "11"]
[EventCountry "USA"]
[SourceTitle "EXT 2025"]
[Source "ChessBase"]
[SourceDate "2024.10.14"]
[SourceVersion "1"]
[SourceVersionDate "2024.10.14"]
[SourceQuality "1"]

1. e4 d6 2. d4 Nf6 3. Nc3 c6 4. Nf3 Bg4 5. h3 Bxf3 6. Qxf3 e5 7. dxe5 dxe5 8. Bd2 Nbd7 9. 0-0-0 Qc7 10. g4 h6 11. h4 a5 12. g5 Ng8 13. Bh3 Nb6 14. Be3 Bb4 15. Ne2 hxg5 16. hxg5 Kf8 17. c3 Be7 18. Be6 1-0

[Event "Titled Tuesday intern op 24th Sep Late"]
[Site "Chess.com INT"]
[Date "2024.09.24"]
[Round "3"]
[White "Hernandez Bermudez, Ulises Eduardo"]
[Black "Demaria, Juan Pablo"]
[Result "0-1"]
[WhiteElo "2042"]
[BlackElo "2215"]
[PlyCount "66"]
[EventDate "2024.09.24"]
[EventType "swiss (blitz)"]
[EventRounds "11"]
[EventCountry "USA"]
[SourceTitle "EXT 2025"]
[Source "ChessBase"]
[SourceDate "2024.10.14"]
[SourceVersion "1"]
[SourceVersionDate "2024.10.14"]
[SourceQuality "1"]

1. e4 g6 2. d4 Bg7 3. Nc3 d6 4. f4 c6 5. Nf3 b5 6. Bd3 b4 7. Ne2 Nf6 8. 0-0 0-0 9. e5 Nd5 10. c4 bxc3 11. Nxc3 Ba6 12. Qe2 Nxc3 13. bxc3 Bxd3 14. Qxd3 Nd7 15. e6 fxe6 16. Qc4 Nf6 17. Ng5 Qd7 18. Qxe6+ Qxe6 19. Nxe6 Rfc8 20. Rb1 Rab8 21. Ba3 Nd5 22. Nxg7 Kxg7 23. Rxb8 Rxb8 24. Rf3 Rb1+ 25. Kf2 Ra1 26. c4 Rxa2+ 27. Kg3 Nf6 28. Re3 Kf7 29. Bb4 a5 30. Bc3 a4 31. Kf3 Rc2 32. Bb4 Rxc4 33. Bc3 Nd5 0-1

[Event "Titled Tuesday intern op 10th Sep Late"]
[Site "Chess,com INT"]
[Date "2024.09.10"]
[Round "6"]
[White "Colbow, Collin"]
[Black "Demaria, Juan Pablo"]
[Result "1-0"]
[WhiteElo "2441"]
[BlackElo "2215"]
[PlyCount "109"]
[EventDate "2024.09.10"]
[EventType "swiss (blitz)"]
[EventRounds "11"]
[EventCountry "USA"]
[SourceTitle "EXT 2025"]
[Source "ChessBase"]
[SourceDate "2024.10.14"]
[SourceVersion "1"]
[SourceVersionDate "2024.10.14"]
[SourceQuality "1"]

1. e4 c5 2. c3 Nf6 3. e5 Nd5 4. d4 cxd4 5. cxd4 d6 6. Nf3 Nc6 7. exd6 e6 8. Nc3 Nxc3 9. bxc3 Bxd6 10. Bd3 h6 11. 0-0 0-0 12. Qe2 Qc7 13. Bd2 e5 14. Rfe1 exd4 15. cxd4 Bg4 16. Qe4 f5 17. Qd5+ Kh7 18. h3 Bxf3 19. Qxf3 Nxd4 20. Qd5 Qc5 21. Qxb7 Rab8 22. Qa6 Rf6 23. Rac1 Qb6 24. Qxb6 axb6 25. Be3 Bc5 26. Rc4 Rd8 27. Bb1 Kg8 28. a4 f4 29. Bc1 f3 30. Bb2 fxg2 31. Kxg2 Rf4 32. a5 Rdf8 33. Rf1 Ne2 34. Ba2 Kh8 35. a6 Rxc4 36. Bxc4 Nf4+ 37. Kh2 Ng6 38. Bd5 b5 39. f4 Rxf4 40. Rxf4 Nxf4 41. Be4 b4 42. Kg3 Ne2+ 43. Kf3 Nc3 44. Kf4 Nxe4 45. Kxe4 Kh7 46. Bd4 Bxd4 47. Kxd4 b3 48. Kc3 g5 49. Kxb3 h5 50. a7 g4 51. a8Q gxh3 52. Qh1 Kg6 53. Qxh3 Kg5 54. Kc4 h4 55. Kd3 1-0

[Event "Titled Tuesday intern op 10th Sep Late"]
[Site "Chess,com INT"]
[Date "2024.09.10"]
[Round "4"]
[White "Demaria, Juan Pablo"]
[Black "Grutter, Tim"]
[Result "1/2-1/2"]
[WhiteElo "2215"]
[BlackElo "2350"]
[PlyCount "163"]
[EventDate "2024.09.10"]
[EventType "swiss (blitz)"]
[EventRounds "11"]
[EventCountry "USA"]
[SourceTitle "EXT 2025"]
[Source "ChessBase"]
[SourceDate "2024.10.14"]
[SourceVersion "1"]
[SourceVersionDate "2024.10.14"]
[SourceQuality "1"]

1. e4 g6 2. d4 Bg7 3. Nc3 d6 4. Nf3 a6 5. a4 b6 6. Bc4 e6 7. 0-0 Bb7 8. Re1 Nf6 9. Ba2 0-0 10. Bg5 h6 11. Bh4 g5 12. Bg3 Nbd7 13. e5 dxe5 14. Nxe5 Nxe5 15. Bxe5 Nd5 16. Bxg7 Nxc3 17. bxc3 Kxg7 18. c4 Qf6 19. c3 Rad8 20. Qe2 c5 21. dxc5 bxc5 22. Rab1 Bc6 23. Qe3 Bxa4 24. Qxc5 Qxc3 25. Rbc1 Qb2 26. Bb1 Rd2 27. Qe3 Bc6 28. c5 a5 29. h4 gxh4 30. Rc4 Rh8 31. Rxh4 a4 32. Be4 Bxe4 33. Rxe4 a3 34. Ra4 a2 35. c6 Rc2 36. c7 Qc3 37. Qxc3+ Rxc3 38. Rxa2 Rxc7 39. Ra3 Rc2 40. Rg3+ Kf6 41. Rf3+ Ke7 42. Re4 Ra8 43. Rh4 Rc1+ 44. Kh2 Raa1 45. Kg3 Rh1 46. Rff4 f5 47. f3 Kf6 48. Rb4 Kg5 49. Rxh1 Rxh1 50. Rb6 e5 51. Rb4 Ra1 52. f4+ exf4+ 53. Rxf4 Ra3+ 54. Rf3 f4+ 55. Kh3 Rxf3+ 56. gxf3 Kf5 57. Kh4 Ke5 58. Kg4 h5+ 59. Kxh5 Kf5 60. Kh4 Kf6 61. Kg4 Kg6 62. Kxf4 Kf6 63. Kg4 Kg6 64. Kh4 Kf5 65. Kg3 Kg5 66. f4+ Kf5 67. Kf3 Kf6 68. Ke4 Ke6 69. Ke3 Kf5 70. Kf3 Kf6 71. Ke4 Ke6 72. f5+ Kf6 73. Kf4 Kf7 74. Kg4 Kf6 75. Kf4 Kf7 76. Kg5 Kg7 77. f6+ Kf7 78. Kf5 Kf8 79. Kf4 Kf7 80. Kf5 Kf8 81. Ke5 Kf7 82. Kf5 1/2-1/2

[Event "Titled Tuesday intern op 03rd Sep Late"]
[Site "Chess.com INT"]
[Date "2024.09.03"]
[Round "1"]
[White "Lazavik, Denis"]
[Black "Demaria, Juan Pablo"]
[Result "1-0"]
[WhiteElo "2578"]
[BlackElo "2215"]
[PlyCount "99"]
[EventDate "2024.09.03"]
[EventType "swiss (blitz)"]
[EventRounds "11"]
[EventCountry "USA"]
[SourceTitle "EXT 2025"]
[Source "ChessBase"]
[SourceDate "2024.10.14"]
[SourceVersion "1"]
[SourceVersionDate "2024.10.14"]
[SourceQuality "1"]

1. d4 d5 2. c4 e6 3. Nc3 Nf6 4. cxd5 exd5 5. Bg5 c6 6. e3 h6 7. Bh4 Be7 8. Bd3 0-0 9. Nge2 Ne4 10. Bxe7 Qxe7 11. 0-0 Nd7 12. Bxe4 dxe4 13. d5 cxd5 14. Nxd5 Qe5 15. Qd4 Qxd4 16. Nxd4 Ne5 17. Rac1 Nd3 18. Rc7 Nxb2 19. Ne7+ Kh8 20. Nxc8 Raxc8 21. Rxb7 Nd3 22. Rxa7 Ra8 23. Rxa8 Rxa8 24. Ra1 Ra3 25. Nb5 Ra5 26. Nd6 f5 27. a4 Nb2 28. Ra2 Rd5 29. h4 Nxa4 30. Nxf5 Nc3 31. Ra8+ Kh7 32. Nd4 Nb5 33. Nxb5 Rxb5 34. Re8 Rb4 35. h5 Rb5 36. g4 Rb4 37. Kg2 g5 38. hxg6+ Kxg6 39. Re5 Kf6 40. Rf5+ Kg6 41. Rf4 Ra4 42. Kg3 Rb4 43. f3 Kg5 44. Rxe4 Rxe4 45. fxe4 Kf6 46. Kf4 Ke6 47. e5 Kf7 48. Kf5 Ke7 49. Kg6 Ke6 50. Kxh6 1-0

[Event "Titled Tuesday intern op 03rd Sep Late"]
[Site "Chess.com INT"]
[Date "2024.09.03"]
[Round "6"]
[White "Rustemov, Alexander"]
[Black "Demaria, Juan Pablo"]
[Result "1-0"]
[WhiteElo "2525"]
[BlackElo "2215"]
[PlyCount "105"]
[EventDate "2024.09.03"]
[EventType "swiss (blitz)"]
[EventRounds "11"]
[EventCountry "USA"]
[SourceTitle "EXT 2025"]
[Source "ChessBase"]
[SourceDate "2024.10.14"]
[SourceVersion "1"]
[SourceVersionDate "2024.10.14"]
[SourceQuality "1"]

1. d4 g6 2. c4 Bg7 3. Nf3 d6 4. g3 c6 5. Bg2 Nd7 6. Nc3 Ngf6 7. 0-0 0-0 8. e4 e5 9. h3 Re8 10. Be3 exd4 11. Nxd4 Nc5 12. Qc2 Qe7 13. Rfe1 a5 14. b3 Nfxe4 15. Nxe4 Nxe4 16. Bxe4 Qxe4 17. Bd2 Qxe1+ 18. Rxe1 Rxe1+ 19. Bxe1 Bxd4 20. g4 Be6 21. Bc3 Bxc3 22. Qxc3 a4 23. Qb4 axb3 24. axb3 d5 25. Qxb7 Ra1+ 26. Kg2 Rc1 27. Qb8+ Kg7 28. Qe5+ Kg8 29. Qe3 Rc2 30. Qd3 Rc1 31. Qd2 Rb1 32. Qc2 Ra1 33. Qc3 Rb1 34. c5 d4 35. Qxd4 Bd5+ 36. Kh2 Rxb3 37. f4 Rf3 38. Qe5 h6 39. h4 Rf2+ 40. Kg3 Rg2+ 41. Kh3 Rc2 42. h5 gxh5 43. Qxh5 Rxc5 44. Qxh6 Be6 45. Kh4 Rc1 46. Kg5 Rg1 47. f5 Bd5 48. Qh3 Kg7 49. Qc3+ Kg8 50. Qe3 Rg2 51. Qe5 Rg1 52. Qf4 Rg2 53. Kf6 1-0

[Event "Titled Tuesday intern op 06th Aug Late"]
[Site "Chess.com INT"]
[Date "2024.08.06"]
[Round "4"]
[White "Demaria, Juan Pablo"]
[Black "Jin, Ashton"]
[Result "0-1"]
[WhiteElo "2215"]
[BlackElo "2196"]
[PlyCount "64"]
[EventDate "2024.08.06"]
[EventType "swiss (blitz)"]
[EventRounds "11"]
[EventCountry "USA"]
[SourceTitle "EXT 2025"]
[Source "ChessBase"]
[SourceDate "2024.10.14"]
[SourceVersion "1"]
[SourceVersionDate "2024.10.14"]
[SourceQuality "1"]

1. e4 c5 2. Nf3 d6 3. d4 cxd4 4. Nxd4 Nf6 5. Nc3 Nc6 6. Bg5 e6 7. f4 Be7 8. Qd2 h6 9. Kd1 hxg5 10. fxg5 Ng4 11. Nf3 Nce5 12. Nb5 Nxf3 13. gxf3 a6 14. fxg4 axb5 15. g6 fxg6 16. Bxb5+ Bd7 17. Bd3 0-0 18. Ke2 Bg5 19. Qb4 Bc6 20. Raf1 Qe7 21. a3 Rxf1 22. Rxf1 Rf8 23. Rxf8+ Qxf8 24. Qd4 Qf4 25. h3 Qh2+ 26. Ke1 Qg3+ 27. Ke2 Qxh3 28. Qxd6 Qxg4+ 29. Ke1 Qg1+ 30. Ke2 Qe3+ 31. Kf1 Qf4+ 32. Qxf4 Bxf4 0-1

[Event "Titled Tuesday intern op 20th Feb Early"]
[Site "Chess.com INT"]
[Date "2024.02.20"]
[Round "2"]
[White "Demaria, Juan Pablo"]
[Black "Damnjanovic, Radovan"]
[Result "0-1"]
[WhiteElo "2215"]
[BlackElo "2214"]
[PlyCount "84"]
[EventDate "2024.02.20"]
[EventType "swiss (blitz)"]
[EventRounds "11"]
[EventCountry "USA"]
[SourceTitle "EXT 2025"]
[Source "ChessBase"]
[SourceDate "2024.10.14"]
[SourceVersion "1"]
[SourceVersionDate "2024.10.14"]
[SourceQuality "1"]

1. e4 d6 2. d4 Nd7 3. Nc3 e5 4. Nf3 Ngf6 5. Be2 Be7 6. 0-0 c6 7. Re1 Qc7 8. a4 h6 9. h3 g5 10. Be3 Nf8 11. Qd2 Ng6 12. Rad1 Nf4 13. b4 a5 14. b5 Rg8 15. bxc6 bxc6 16. d5 c5 17. Bb5+ Kf8 18. Bc6 Rb8 19. Nb5 Qd8 20. Nxe5 Nxe4 21. Qc1 dxe5 22. Bxf4 gxf4 23. Rxe4 Bxh3 24. Rxe5 Rxg2+ 25. Kh1 Bg5 26. Rde1 Qf6 27. Qa3 f3 28. Qxc5+ Kg7 29. Qd4 Rg4 30. Rxg5+ hxg5 31. Qxf6+ Kxf6 32. Re8 Rxe8 33. Bxe8 Rg2 34. d6 Rxf2 35. d7 Ke7 36. Nd4 Bxd7 37. Bxd7 Kxd7 38. c4 g4 39. c5 Rd2 40. Nf5 Kc6 41. Ne3 g3 42. Nc4 Rd1# 0-1